000 00325 a2200157 4500
001 165143
020 _a
040 _cMagnum
100 _aJose, Elias
240 1 0 _aNamorinho de portao
_lpor
245 1 0 _aNamorinho de portao
362 0 _a1899
440 1 _aModerna
697 _aIJ/ADOLESCENTE, NAMORO
942 _cBK
999 _c165143
_d165143